Uttam Kumar: (Record no. 54311)

MARC details
000 -LEADER
fixed length control field 01014naa a2200229 4500
005 - DATE AND TIME OF LATEST TRANSACTION
control field 20110725140017.0
010 ## - LCCN (DPL NO)
LC control number 441402-403
020 ## - INTERNATIONAL STANDARD BOOK NUMBER
International Standard Book Number 9788129100191
Terms of availability 95.00
037 ## - SOURCE OF ACQUISITION
Source of stock number/acquisition Rupa
037 ## - SOURCE OF ACQUISITION
Source of stock number/acquisition Allied Pub/Ven
082 ## - DEWEY DECIMAL CLASSIFICATION NUMBER
Classification number 921
100 ## - MAIN ENTRY--PERSONAL NAME
Personal name Ghosh, Neepabithi
245 1# - TITLE STATEMENT
Title Uttam Kumar:
Statement of responsibility, etc by Neepabithi Ghosh
Remainder of title the ultimate hero /
260 ## - PUBLICATION, DISTRIBUTION, ETC. (IMPRINT)
Place of publication, distribution, etc New Delhi
Name of publisher, distributor, etc Rupa
Date of publication, distribution, etc 2002
270 ## - ADDRESS
City New Delhi
Address 7/16, Ansari Raod, Daryaganj,
Postal code 110002
300 ## - PHYSICAL DESCRIPTION
Extent 88p.
Dimensions 16cm(Hb)
490 ## - SERIES STATEMENT
Series statement Rupa charitavali series
-- 31422
942 ## - ADDED ENTRY ELEMENTS (KOHA)
Institution code [OBSOLETE] dpl
Item type English Books
Source of classification or shelving scheme Dewey Decimal Classification
Call number suffix GHO
Classification part 921
Holdings
Withdrawn status Lost status Not for loan Collection code Home library Current library Date acquired Source of acquisition Cost, normal purchase price Full call number Barcode Copy number Cost, replacement price Koha item type
      Non-fiction Central Library Central Library 05/08/2011 Allied/DE/2011/CR/0000149/27.4.2011/85/24.3.11/10.6.11 95.00 921 GHO B-441402 1 95.00 English Books
      Non-fiction Sarojini Nagar Sarojini Nagar 05/08/2011 Allied/DE/2011/CR/0000149/27.4.2011/85/24.3.11/10.6.11 95.00 921 GHO B-441403 1 95.00 English Books

© Delhi Public Library
Hit Counter
free hit counter